Lập trình tính toán tấm dạng phức tạp trên nền đàn hồi ứng dụng phương tiện điện toán, mô phỏng toán học và phương pháp toán học trong nghiên cứu khoa học : Tóm tắt Luận án Tiến sĩ - Chuyên ngành: Toán ứng dụng

Αποθηκεύτηκε σε:
Λεπτομέρειες βιβλιογραφικής εγγραφής
Κύριος συγγραφέας: Ngô, Ngọc Hưng
Μορφή: Luận văn
Γλώσσα:Undetermined
Έκδοση: Viện Hàn lâm Khoa học 1997
Θέματα:
Ετικέτες: Προσθήκη ετικέτας
Δεν υπάρχουν, Καταχωρήστε ετικέτα πρώτοι!
Thư viện lưu trữ: Trung tâm Thư viện - Trường Đại học Công nghiệp TP. Hồ Chí Minh
LEADER 00793nam a2200157Ia 4500
001 UIH_01791
008 230809s9999 xx 000 0 und d
082 |a 519.8 
100 |a Ngô, Ngọc Hưng 
245 0 |a Lập trình tính toán tấm dạng phức tạp trên nền đàn hồi ứng dụng phương tiện điện toán, mô phỏng toán học và phương pháp toán học trong nghiên cứu khoa học : Tóm tắt Luận án Tiến sĩ - Chuyên ngành: Toán ứng dụng 
245 0 |c Ngô, Ngọc Hưng 
260 |b Viện Hàn lâm Khoa học 
260 |c 1997 
650 |a Toán học ứng dụng 
927 |a Luận văn 
980 |a Trung tâm Thư viện - Trường Đại học Công nghiệp TP. Hồ Chí Minh